<?xml version="1.0" encoding="UTF-8"?>
<record
    xmlns:xsi="http://www.w3.org/2001/XMLSchema-instance"
    xsi:schemaLocation="http://www.loc.gov/MARC21/slim http://www.loc.gov/standards/marcxml/schema/MARC21slim.xsd"
    xmlns="http://www.loc.gov/MARC21/slim">

  <leader>01228nam a22002537a 4500</leader>
  <controlfield tag="005">20170124103107.0</controlfield>
  <datafield tag="010" ind1=" " ind2=" ">
    <subfield code="a">B-055252</subfield>
  </datafield>
  <datafield tag="020" ind1=" " ind2=" ">
    <subfield code="c">00.00</subfield>
    <subfield code="a">8186565388</subfield>
  </datafield>
  <datafield tag="035" ind1=" " ind2=" ">
    <subfield code="a">B-055252</subfield>
  </datafield>
  <datafield tag="037" ind1=" " ind2=" ">
    <subfield code="b">Cen Lib/Ret</subfield>
  </datafield>
  <datafield tag="040" ind1=" " ind2=" ">
    <subfield code="a">DPL</subfield>
    <subfield code="b">HN</subfield>
  </datafield>
  <datafield tag="082" ind1=" " ind2=" ">
    <subfield code="a">954.01</subfield>
    <subfield code="b">&#x92A;&#x93E;&#x932;&#x936; </subfield>
  </datafield>
  <datafield tag="100" ind1=" " ind2=" ">
    <subfield code="a">&#x92A;&#x93E;&#x932;, &#x936;&#x936;&#x93F; &#x92C;&#x93E;&#x932;&#x93E; </subfield>
    <subfield code="9">78613</subfield>
  </datafield>
  <datafield tag="245" ind1=" " ind2=" ">
    <subfield code="a">&#x92A;&#x902;&#x91A;&#x93E;&#x932; :</subfield>
    <subfield code="c">&#x936;&#x936;&#x93F; &#x92C;&#x93E;&#x932;&#x93E; &#x92A;&#x93E;&#x932;</subfield>
    <subfield code="b">&#x938;&#x93E;&#x92E;&#x93E;&#x91C;&#x93F;&#x915;, &#x906;&#x930;&#x94D;&#x925;&#x93F;&#x915; &#x90F;&#x935;&#x902; &#x927;&#x93E;&#x930;&#x94D;&#x92E;&#x93F;&#x915; &#x907;&#x924;&#x93F;&#x939;&#x93E;&#x938;, &#x917;&#x941;&#x92A;&#x94D;&#x924; &#x915;&#x93E;&#x932; &#x924;&#x915; /</subfield>
  </datafield>
  <datafield tag="246" ind1=" " ind2=" ">
    <subfield code="a">Pa&#xF1;c&#x101;la : s&#x101;m&#x101;jika, &#x101;rthika, eva&#x1E43; dh&#x101;rmika itih&#x101;sa Gupta k&#x101;la taka /</subfield>
    <subfield code="b">by Shashi Bala Paal </subfield>
  </datafield>
  <datafield tag="260" ind1=" " ind2=" ">
    <subfield code="a">&#x928;&#x92F;&#x940; &#x926;&#x93F;&#x932;&#x94D;&#x932;&#x940; </subfield>
    <subfield code="b">&#x905;&#x928;&#x93E;&#x92E;&#x93F;&#x915;&#x93E; &#x92A;&#x92C;&#x94D;&#x932;&#x93F;&#x936;&#x930;&#x94D;&#x938; </subfield>
    <subfield code="c">2000</subfield>
  </datafield>
  <datafield tag="270" ind1=" " ind2=" ">
    <subfield code="b">&#x928;&#x92F;&#x940; &#x926;&#x93F;&#x932;&#x94D;&#x932;&#x940; </subfield>
    <subfield code="a">4697/3, 21-&#x90F;, &#x905;&#x902;&#x938;&#x93E;&#x930;&#x940; &#x930;&#x94B;&#x921;, &#x926;&#x930;&#x93F;&#x92F;&#x93E;&#x917;&#x902;&#x91C; </subfield>
    <subfield code="e">110002</subfield>
  </datafield>
  <datafield tag="300" ind1=" " ind2=" ">
    <subfield code="a">254&#x92A;&#x943;. :</subfield>
    <subfield code="c">21&#x938;&#x947;&#x92E;&#x940; (&#x938;&#x91C;&#x93F;&#x932;&#x94D;&#x926;)</subfield>
    <subfield code="b">&#x938;&#x91A;&#x93F;&#x924;&#x94D;&#x930; </subfield>
  </datafield>
  <datafield tag="650" ind1=" " ind2=" ">
    <subfield code="a">Pa&#xF1;c&#x101;la (&#x92D;&#x93E;&#x930;&#x924;) - &#x938;&#x92D;&#x94D;&#x92F;&#x924;&#x93E;</subfield>
    <subfield code="9">78614</subfield>
  </datafield>
  <datafield tag="650" ind1=" " ind2=" ">
    <subfield code="a"> &#x938;&#x92D;&#x94D;&#x92F;&#x924;&#x93E; </subfield>
    <subfield code="9">78615</subfield>
  </datafield>
  <datafield tag="650" ind1=" " ind2=" ">
    <subfield code="a">Pa&#xF1;c&#x101;la (India) -- Civilization. </subfield>
    <subfield code="9">78616</subfield>
  </datafield>
  <datafield tag="650" ind1=" " ind2=" ">
    <subfield code="a">Civilization.</subfield>
    <subfield code="9">15651</subfield>
  </datafield>
  <datafield tag="942" ind1=" " ind2=" ">
    <subfield code="2">ddc</subfield>
    <subfield code="c">HN</subfield>
    <subfield code="h">954.01</subfield>
    <subfield code="m">&#x92A;&#x93E;&#x932;&#x936; </subfield>
  </datafield>
  <datafield tag="999" ind1=" " ind2=" ">
    <subfield code="c">118158</subfield>
    <subfield code="d">118158</subfield>
  </datafield>
  <datafield tag="952" ind1=" " ind2=" ">
    <subfield code="0">0</subfield>
    <subfield code="1">0</subfield>
    <subfield code="4">0</subfield>
    <subfield code="7">0</subfield>
    <subfield code="a">L</subfield>
    <subfield code="b">L</subfield>
    <subfield code="d">2015-09-10</subfield>
    <subfield code="e">Cen Lib/Ret</subfield>
    <subfield code="g">0.00</subfield>
    <subfield code="l">1</subfield>
    <subfield code="m">2</subfield>
    <subfield code="o">954.01 &#x92A;&#x93E;&#x932;&#x936;</subfield>
    <subfield code="p">B-055252</subfield>
    <subfield code="r">2019-12-17 00:00:00</subfield>
    <subfield code="s">2019-10-14</subfield>
    <subfield code="t">1</subfield>
    <subfield code="v">0.00</subfield>
    <subfield code="w">2015-09-10</subfield>
    <subfield code="y">HN</subfield>
  </datafield>
</record>
